Trh otvorených podielových fondov v minulom roku vzrástol
Predaj podielových listov otvorených podielových fondov na Slovensku v r. 2000. Nárast vkladov obyvateľstva v bankách. Porovnanie s Českom. Faktory vplývajúce na zvýšenie predaja podielových listov. Takmer polovicu trhu si udržiava Tatra Asset Management, správ. spol., a.s. Bratislava. Štruktúra trh...
Gespeichert in:
| 1. Verfasser: | |
|---|---|
| Format: | Buchkapitel |
| Sprache: | Slowakisch |
| Schlagworte: | |
| Tags: |
Keine Tags, Fügen Sie das erste Tag hinzu!
|
MARC
| LEADER | 00000naa a2200000 4500 | ||
|---|---|---|---|
| 001 | r040771 | ||
| 005 | 20230921111101.9 | ||
| 041 | 0 | |a slo | |
| 044 | |a SK | ||
| 245 | 1 | 0 | |a Trh otvorených podielových fondov v minulom roku vzrástol |c Ľubor Kyselý |
| 520 | |a Predaj podielových listov otvorených podielových fondov na Slovensku v r. 2000. Nárast vkladov obyvateľstva v bankách. Porovnanie s Českom. Faktory vplývajúce na zvýšenie predaja podielových listov. Takmer polovicu trhu si udržiava Tatra Asset Management, správ. spol., a.s. Bratislava. Štruktúra trhu otvorených fondov (2000). Najhoršie výsledky zaznamenali v r. 2000 fondy zamerané na zahraničné technologické akcie. | ||
| 610 | 2 | 0 | |a fondy podielové |
| 610 | 2 | 0 | |a listy podielové |
| 610 | 2 | 0 | |a predaj |
| 610 | 2 | 0 | |a vklady |
| 610 | 2 | 0 | |a banky |
| 610 | 2 | 0 | |a sadzby úrokové |
| 610 | 2 | 0 | |a trh kapitálový |
| 610 | 2 | 0 | |a Slovensko |
| 610 | 2 | 0 | |a 2000 |
| 100 | 1 | |a Kyselý, Ľubor | |